[Event "BIH-chT1"]
[Site "Bosanska Krupa"]
[Date "2018.08.26"]
[Round "2"]
[White "Vukic, Milan"]
[Black "Coric, Ahmed"]
[Result "1-0"]
[WhiteElo "2386"]
[BlackElo "2131"]
[PlyCount "91"]
[EventDate "2018.08.25"]
[EventType "tourn"]
[EventRounds "9"]
[EventCountry "BIH"]
[SourceTitle "CBM 186 Extra"]
[Source "ChessBase"]
[SourceDate "2018.08.24"]
[SourceVersion "1"]
[SourceVersionDate "2018.08.24"]
[SourceQuality "1"]

1. Nf3 Nf6 2. g3 g6 3. b3 Bg7 4. Bb2 d5 5. c4 c6 6. Bg2 0-0 7. 0-0 a5 8. d3 a4 9. Nbd2 a3 10. Bc3 c5 11. cxd5 Nxd5 12. Bxg7 Kxg7 13. Qc1 Qa5 14. Nc4 Qa7 15. Ne1 Nb4 16. Qc3+ f6 17. d4 N8c6 18. Bxc6 Nxc6 19. dxc5 Bh3 20. Nd3 Bxf1 21. Kxf1 Rad8 22. b4 Qb8 23. Nxa3 Qc8 24. Nc2 e5 25. b5 Nd4 26. Nxd4 Rxd4 27. f3 Rfd8 28. Nf2 Qe6 29. a4 Qd5 30. Qa3 Qc4 31. b6 Rd2 32. Qe3 R8d4 33. a5 Qxc5 34. Nd3 Qc2 35. Rc1 Rd1+ 36. Rxd1 Qxd1+ 37. Kf2 Qa4 38. Nxe5 fxe5 39. Qxe5+ Kf7 40. a6 Rd7 41. axb7 Rxb7 42. Qd5+ Kf6 43. Qxb7 Qd4+ 44. Kg2 Qb2 45. Qa6 Ke5 46. b7 1-0

[Event "BIH-chT1"]
[Site "Bosanska Krupa"]
[Date "2018.08.25"]
[Round "1"]
[White "Pastar, Slaven"]
[Black "Vukic, Milan"]
[Result "1-0"]
[WhiteElo "2307"]
[BlackElo "2386"]
[PlyCount "90"]
[EventDate "2018.08.25"]
[EventType "tourn"]
[EventRounds "9"]
[EventCountry "BIH"]
[SourceTitle "CBM 186 Extra"]
[Source "ChessBase"]
[SourceDate "2018.08.24"]
[SourceVersion "1"]
[SourceVersionDate "2018.08.24"]
[SourceQuality "1"]

1. d4 Nf6 2. c4 d6 3. Nc3 Nbd7 4. e4 e5 5. Nf3 c6 6. Be2 Be7 7. 0-0 0-0 8. Rb1 Re8 9. b4 exd4 10. Nxd4 Bf8 11. Qc2 Qc7 12. Rd1 Ne5 13. h3 g6 14. Be3 Be6 15. f4 Ned7 16. g4 Nb6 17. Nxe6 Rxe6 18. f5 Ree8 19. Bf4 Nfd7 20. c5 Nc8 21. cxd6 Nxd6 22. Kg2 Ne5 23. Nd5 Qd8 24. Ne3 g5 25. Bxe5 Rxe5 26. Nc4 Qf6 27. Nxe5 Qxe5 28. Qb2 Bg7 29. Qxe5 Bxe5 30. Kf3 a6 31. a4 Kg7 32. Rb3 Kf6 33. Rh1 Re8 34. Bd3 h6 35. h4 Bf4 36. hxg5+ Bxg5 37. Rc3 Kg7 38. Rc5 Bf6 39. b5 Bd4 40. Rc2 axb5 41. axb5 c5 42. Rch2 f6 43. Rxh6 Nf7 44. Rh7+ Kg8 45. Kg2 Ne5 1-0

[Event "BIH-chT 17th"]
[Site "Jahorina"]
[Date "2018.06.08"]
[Round "7.1"]
[White "Runic, Zoran"]
[Black "Vukic, Milan"]
[Result "0-1"]
[WhiteElo "2397"]
[BlackElo "2378"]
[PlyCount "96"]
[EventDate "2018.06.02"]
[EventType "team-tourn"]
[EventRounds "9"]
[EventCountry "BIH"]
[SourceTitle "CBM 184 Extra"]
[Source "ChessBase"]
[SourceDate "2018.06.28"]
[SourceVersion "1"]
[SourceVersionDate "2018.06.28"]
[SourceQuality "1"]
[WhiteTeam "Busovaca Hrasno"]
[BlackTeam "Pazaric Bjelasnica"]
[WhiteTeamCountry "BIH"]
[BlackTeamCountry "BIH"]

1. e4 c5 2. Nf3 e6 3. b3 a6 4. Bb2 Nc6 5. Bd3 d6 6. 0-0 Nf6 7. c3 e5 8. h3 g6 9. Bc2 Bg7 10. a3 d5 11. exd5 Nxd5 12. b4 cxb4 13. axb4 Be6 14. d3 e4 15. dxe4 Ndxb4 16. Nd4 Nxc2 17. Qxc2 Qc8 18. Nxe6 Qxe6 19. Ba3 Rc8 20. Rd1 Nd4 21. Rxd4 Bxd4 22. Qa4+ Qd7 23. Qxd7+ Kxd7 24. cxd4 Rc2 25. Kf1 Re8 26. e5 f6 27. exf6 Ree2 28. f7 Rxf2+ 29. Ke1 Rxf7 30. Nd2 Ke6 31. Ke2 Rfc7 32. Bb4 Rb2 33. Ba5 b6 34. Kd3 bxa5 35. Rxa5 Ra7 36. g4 Rb5 37. Ra1 a5 38. Ne4 Rb3+ 39. Kc4 Rb4+ 40. Kc3 Kd5 41. Nf6+ Ke6 42. Ne4 Rc7+ 43. Kd3 Rb3+ 44. Kd2 Kd5 45. Nf6+ Kxd4 46. Rxa5 Rd3+ 47. Ke2 Rc2+ 48. Ke1 Rxh3 0-1

[Event "BIH-chT2"]
[Site "Bosna"]
[Date "2017.08.26"]
[Round "3.1"]
[White "Kekic, Armin"]
[Black "Vukic, Milan"]
[Result "1/2-1/2"]
[WhiteElo "2228"]
[BlackElo "2369"]
[PlyCount "29"]
[EventDate "2017.08.25"]
[EventType "team-tourn"]
[EventRounds "9"]
[EventCountry "BIH"]
[SourceTitle "EXT 2019"]
[Source "ChessBase"]
[SourceDate "2018.10.10"]
[SourceVersion "1"]
[SourceVersionDate "2018.10.10"]
[SourceQuality "1"]

1. e4 c5 2. Nf3 e6 3. c3 d5 4. exd5 Qxd5 5. d4 Nf6 6. Be2 Nc6 7. 0-0 cxd4 8. Nxd4 Bd7 9. Be3 Nxd4 10. Bxd4 Bc6 11. Bf3 Qd7 12. Nd2 Be7 13. Bxc6 Qxc6 14. Qf3 Qxf3 15. Nxf3 1/2-1/2